Escritos sobre la instauración monárquica

Պահպանված է:
Մատենագիտական մանրամասներ
Հիմնական հեղինակներ: Escobar, José Ignacio (Հեղինակ), Vigon, Jorge (Հեղինակ), Vegas Latapie, Eugenio (Հեղինակ)
Ձևաչափ: Գիրք
Լեզու:իսպաներեն
Հրապարակվել է: Madrid Rialp 1955
Շարք:Biblioteca del Pensamiento Actual, 35
Խորագրեր:
Ցուցիչներ: Ավելացրեք ցուցիչ
Չկան պիտակներ, Եղեք առաջինը, ով նշում է այս գրառումը!

MARC

LEADER 00000nam a2200000 a 4500
001 UCS2639
003 CL-VaPUC
008 970604e19550000SP |||||||||||||||||spa|d
082 0 4 |a 946.081  |b ESC  |2 21 
100 0 |a Escobar, José Ignacio  |e author  |9 388295 
700 0 |a Vigon, Jorge  |e author  |9 388296 
700 0 |a Vegas Latapie, Eugenio  |e author  |9 388297 
245 1 0 |a Escritos sobre la instauración monárquica 
300 |a 265 p 
942 |c BK 
945 |d 19970604 00:00:00  |a paguirre 
260 |a Madrid  |b Rialp  |c 1955 
650 0 |a Historia  |9 255047 
650 0 |a Guerra civil  |9 320243 
650 0 |a Monarquía   |9 255259 
650 7 |a SISTEMAS POLITICOS  |2 CL-VaPUC  |9 388298 
650 0 |a República  |9 310048 
651 0 |a España  |9 254926 
583 |a last modification  |c 19970604 00:00:00  |k Rodrigo Vera 
490 0 |a Biblioteca del Pensamiento Actual, 35 
999 |c 260581  |d 260579 
952 |0 0  |1 0  |4 0  |6 946_081000000000000_ESC_1955  |7 0  |8 P  |9 286806  |a BIBDER  |b BIBDER  |d 2019-11-19  |i 1860712  |o 946.081 ESC 1955  |p 1860712  |r 2023-01-25  |w 2019-11-19  |y BK  |k DER